| 000 | 00000nam##2200000za#4500 |
| 001 | 9.642891 |
| 003 | CaOODSP |
| 005 | 20210624223922 |
| 007 | cr ||||||||||| |
| 008 | 150407|2006||||xxc|||||o f|0| 0 fre|d |
| 040 | |aCaOODSP|bfre |
| 043 | |an-cn--- |
| 086 | 1 |aEn84-100/2006F-PDF |
| 110 | 1 |aCanada. |bEnvironnement Canada. |
| 245 | 10|aDéclaration conjointe de coopération pour l'écosystème du bassin de Georgia et de Puget Sound : |h[ressource électronique]|brapport d'étape 2004-2006 / |
| 260 | |aOttawa - Ontario : |bEnvironnement Canada |c6 décembre 2006. |
| 300 | |a19p. |
| 590 | |a14-08-Supp|b2014-04-10 |
| 691 | 07|aProtection de l'environnement|2gcpds |
| 775 | 08|tJoint Statement of Cooperation on the Georgia Basin and Puget Sound ecosystem : |w(CaOODSP)9.698876 |
| 856 | 40|ahttp://publications.gc.ca|qPDF|s1.11 Mo|uhttps://publications.gc.ca/collections/collection_2014/ec/En84-100-2006-fra.pdf |